Statistics for F1 Winners 2000-Present

Click here to take the quiz!

General Stats

  • This quiz has been taken 263 times
  • The average score is 18 of 22

Answer Stats

WinsAnswer% Correct
91Michael Schumacher
100%
62Lewis Hamilton
99%
47Sebastian Vettel
99%
32Fernando Alonso
98%
6Ralf Schumacher
98%
20Kimi Raikkonen
92%
23Nico Rosberg
88%
15Jenson Button
87%
3Max Verstappen
87%
5Daniel Ricciardo
83%
11Felipe Massa
82%
9Mark Webber
82%
20Mika Hakkinen
77%
11Rubens Barrichello
76%
3Valtteri Bottas
76%
13David Coulthard
75%
1Pastor Maldonado
69%
7Juan Pablo Montoya
64%
1Robert Kubica
64%
1Jarno Trulli
58%
3Giancarlo Fisichella
55%
1Heikki Kovalainen
55%

Score Distribution

Percentile by Number Answered

Percent of People with Each Score

Your Score History

You have not taken this quiz